|
|
|
|
| LEADER |
01771nam a2200421 i 4500 |
| 001 |
EBC1640333 |
| 003 |
MiAaPQ |
| 005 |
20200520144314.0 |
| 006 |
m o d | |
| 007 |
cr cnu|||||||| |
| 008 |
140416t20142014gw a ob 000 0 eng d |
| 020 |
|
|
|z 9783954891566
|
| 020 |
|
|
|z 9783954896561 (PDF)
|
| 035 |
|
|
|a (MiAaPQ)EBC1640333
|
| 035 |
|
|
|a (Au-PeEL)EBL1640333
|
| 035 |
|
|
|a (CaPaEBR)ebr10856572
|
| 035 |
|
|
|a (OCoLC)871779878
|
| 040 |
|
|
|a MiAaPQ
|b eng
|e rda
|e pn
|c MiAaPQ
|d MiAaPQ
|
| 050 |
|
4 |
|a HB3722
|b .B474 2014
|
| 082 |
0 |
|
|a 338.542
|2 23
|
| 100 |
1 |
|
|a Bergen, Alex,
|e author.
|
| 245 |
1 |
0 |
|a Rating change probabilities :
|b an empirical analysis of sovereign ratings /
|c Alex Bergen.
|
| 264 |
|
1 |
|a Hamburg, Germany :
|b Anchor Academic Publishing,
|c 2014.
|
| 264 |
|
4 |
|c 2014
|
| 300 |
|
|
|a 1 online resource (50 pages) :
|b illustrations
|
| 336 |
|
|
|a text
|2 rdacontent
|
| 337 |
|
|
|a computer
|2 rdamedia
|
| 338 |
|
|
|a online resource
|2 rdacarrier
|
| 504 |
|
|
|a Includes bibliographical references.
|
| 588 |
|
|
|a Description based on online resource; title from PDF cover (ebrary, viewed April 15, 2014).
|
| 590 |
|
|
|a Electronic reproduction. Ann Arbor, MI : ProQuest, 2015. Available via World Wide Web. Access may be limited to ProQuest affiliated libraries.
|
| 650 |
|
0 |
|a Financial crises
|x History.
|
| 650 |
|
0 |
|a Debts, External
|x History.
|
| 650 |
|
0 |
|a Economic stabilization
|x History.
|
| 655 |
|
4 |
|a Electronic books.
|
| 776 |
0 |
8 |
|i Print version:
|a Bergen, Alex.
|t Rating change probabilities : an empirical analysis of sovereign ratings.
|d Hamburg, Germany : Anchor Academic Publishing, c2014
|h 48 pages
|z 9783954891566
|
| 797 |
2 |
|
|a ProQuest (Firm)
|
| 856 |
4 |
0 |
|u https://ebookcentral.proquest.com/lib/matrademy/detail.action?docID=1640333
|z Click to View
|